Estudio del proceso de deterioro de caminos de lastre, el caso de los distritos La Suiza y Tuis, Turrialba
שמור ב:
| מחבר ראשי: | |
|---|---|
| מחברים אחרים: | |
| פורמט: | ספר |
| יצא לאור: |
San José, Costa Rica
1998
|
| נושאים: | |
| תגים: |
הוספת תג
אין תגיות, היה/י הראשונ/ה לתייג את הרשומה!
|
MARC
| LEADER | 00000nam a2200000Ia 4500 | ||
|---|---|---|---|
| 003 | 008318 | ||
| 005 | 20240821151805.0 | ||
| 008 | 140114s1998 cr a m 000 ||s d | ||
| 040 | |c cru CEDI | ||
| 090 | |a TFG 3740 | ||
| 100 | |a Vargas Petersen, Miguel Adolfo, 1974- |9 3589 | ||
| 245 | |a Estudio del proceso de deterioro de caminos de lastre, el caso de los distritos La Suiza y Tuis, Turrialba | ||
| 260 | |a San José, Costa Rica |c 1998 | ||
| 300 | |a [220] hojas : ilustraciones | ||
| 500 | |a Trabajo de graduación (licenciatura en ingeniería civil)--Universidad de Costa Rica. Facultad de Ingeniería. Escuela de Ingeniería Civil | ||
| 501 | |a Director de Trabajo de Graduación: Ing. Rosendo Pujol Mesalles | ||
| 650 | |x CAMINOS - MANTENIMIENTO Y REPARACION - COSTA RICA |9 9335 | ||
| 700 | |a Pujol Mesalles, Rosendo, 1951- |d Director del TFG |9 2332 | ||
| 942 | |c TFG |h TFG 3740 |i 008318 |6 TFG_3740_008318000000000 | ||
| 999 | |c 18773 |d 18773 | ||
